Statistics for Antikkens guder og gudinner

Click here to take the quiz!

General Stats

  • This quiz has been taken 6 times
  • The average score is 11 of 19

Answer Stats

HvemGresk mytologi% Correct
Himmelguden. Assosiert med rettferdighet og gjestfrihet. Regnes som guder og menneskers herre og far.Zevs (Jupiter)
100%
Regnes som krigsgud, men er spesielt assosiert med det ville raseri. Ledsages av "Deimos" (skrekk) og "Phobos" (gru). Planeten som er oppkalt etter denne gudens romerske motstykke, har to måner som også heter Deimos og Phobos.Ares (Mars)
100%
Kjærligheten, skjønnheten og fruktbarhetens gudinne.Afrodite (Venus)
100%
Dødsrikets hersker. Kjent for å ha bortført Persefone.Hades (Pluto)
100%
Havets gud. Kalles også "jordomfatteren" og "jordrysteren". Kjennetegnes av en lyster eller trefork.Poseidon (Neptun)
83%
Gudenes budbringer. Regnes som beskytter av handel, kjøpmenn - og tyver.Hermes (Merkur)
83%
Herre over dikt, dans og musikk. Leder musene med sin lyre. Verner også om borgerfelleskap, politiske samlinger og krigsmønstringer.Apollon (Apollo)
67%
Himmeldronningen. Kalles ekteskapets skytsgudinne. Regnes som skaper av Melkeveien.Hera (Juno)
67%
Månegudinnen og personifiseringen av månelyset.Selene (Luna)
50%
Kjærlighetsgud. Avbildet med vinger, lyre, blomst eller bue.Eros (Amor)
50%
Regnes som gudinne for fruktbarhet og jordbruk. Hennes romerske motstykke har både gitt opphav til det engelske ordet "cereal" og deler navn med en dvergplanet i solsystemet.Demeter (Ceres)
50%
Guden for vinrus og lystige lag. Forbundet med oppløsning av normer og orden.Dionysos (Bacchus)
50%
Beskytter av hjemmet og familien. Hennes romerske motstykke deler navn med et tidligere norsk forsikringsselskap som ble etablert i 1880.Hestia (Vesta)
50%
Beskytter av ville dyr og kveg. Forbindes som regel med jakt.Artemis (Diana)
50%
Regnes som krigsgudinne, men er også beskytter av veving, vitenskap og dannelse. Uglen er hennes hellige fugl.Athene (Minerva)
33%
Guden for håndverk og smedkunst.Hefaistos (Vulcanus)
33%
Trolldom og magiens gudinne. Assosiert med korsveier.Hekate (Trivia)
33%
Personliggjøringen av ungdom. Regnes som gudenes munnskjenk. Er også dyrket som tilgivelsen og nådens gudinne.Hebe (Juventas)
17%
Legekunstens gud. Avbildet med en stav som er omslynget av én slange.Asklepios (Æsculap)
17%

Score Distribution

Percentile by Number Answered

Percent of People with Each Score

Your Score History

You have not taken this quiz